| 000 | 00356nam a2200133Ia 4500 | ||
|---|---|---|---|
| 008 | 240624s9999 xx 000 0 und d | ||
| 041 | _aeng | ||
| 082 | _a823 LAL | ||
| 100 | _aLALA R M | ||
| 245 | _aFINDING A PURPOSE IN LIFE 26 PEOPLE WHO | ||
| 260 |
_c2009 _aLondon _bHarper Collins Publishers |
||
| 300 | _axiii, : 116 : p. : cm. ; 19 | ||
| 365 |
_cRS _b20 |
||
| 999 |
_c14379 _d14379 |
||